000 02164cam a22003011i 4500
003 SA-RiAUC
005 20250519080343.0
008 250516s2012 su g b 00010 ara c
020 _a9786144042373
040 _aKW-KcNLK
_bara
_cSA-RiAUC
_dKAC
_erda
050 4 _bG43 2012
082 0 4 _a810.99531
_qSA-RiAUC
090 _a810.99531
_b غ ذ ا
100 1 _aالغذامي، عبد الله بن محمد بن عبد الله،
_d1365 هجري-
_eمؤلف.
245 1 2 _aالجهنية في لغة النساء وحكاياتهن /
_cعبد الله الغذامي.
250 _aالطبعة الأولى.
264 1 _aمكة المكرمة :
_aبيروت :
_bنادي مكة الثقافي الأدبي ؛
_bمؤسسة الانتشار العربي،
_c2012
300 _a187 صفحة ؛
_c23 × 15 سم.
336 _aنص
_btxt
_2rdacontent
_3كتاب
337 _aبدون وسيط
_bn
_2rdamedia
338 _aمجلد
_bnc
_2rdacarrier
490 0 _aنصوص / نادي مكة الثقافة الأدبي
504 _aيشتمل على إرجاعات ببليوجرافية.
520 _aفي كتابه "الجهنية في لغة النساء وحكاياتهن" يبحث عبد الله الغذامي ماذا يعني "الجهنية" ثقافيا واجتماعيا. يقدم الكتاب دور المرأة في خلق اللغة والسرد. ويعرض كيف تنقل المرأة تجاربها وأحاسيسها بأسلوب قصصي بسيط وعميق في الوقت ذاته. أهم المحاور في الكتاب : الجهنية، لغة النساء وحكاياتهن كأداة للتعبير عن الذات والتجارب الإنسانية، تحليل النصوص والسلوكيات النسوية وانعكاسها على المجتمع، دور السرد والحكايات في انتصار المرأة وتحول صورتها النمطية، تجليات الجهنية في مقالات الغذامي حول قضايا المرأة.
650 7 _aالأدب الشعبي العربي
_xتاريخ ونقد
_2aucsh
942 _2ddc
_cBOOK
_n0
949 _aSA-JeALM
_d250516
_umohamedma123
_n1
999 _c8066
_d8066